Letters concerning the English nation : By Mr. de Voltaire.

Bibliographic Details
Main Author: Voltaire, 1694-1778
Format: eBook
Language:English
Edition:The fourth edition, corrected.
Series:Eighteenth century collections online.
Online Access:Full text online

MARC

Tag First Indicator Second Indicator Subfields
LEADER 00000cam a2200000 4500
001 in00001899080
006 m | d |
007 cr |n||||||||n
008 820219s1759 stk|||| s 00||||eng d
005 20260407192530.4
035 |a (CStRLIN)ESTCT137639 
040 |a Uk-ES  |c Uk-ES  |d CStRLIN  |d Thomson Gale  |d UtOrBLW 
100 1 |a Voltaire,  |d 1694-1778. 
240 1 0 |a Lettres philosophiques.  |l English 
245 1 0 |a Letters concerning the English nation :  |b By Mr. de Voltaire. 
250 |a The fourth edition, corrected. 
264 3 |a Glasgow :  |b printed by Robert Urie,  |c 1759. 
300 |a 149, 17 unnumbered pages ;  |c 12⁰. 
336 |a text  |b txt  |2 rdacontent 
337 |a computer  |b c  |2 rdamedia 
338 |a online resource  |b cr  |2 rdacarrier 
500 |a The final eight leaves contain the index and the contents. 
500 |a Reproduction of original from the British Library. 
510 4 |a English Short Title Catalog,  |c ESTCT137639. 
533 |a Electronic reproduction.  |b Farmington Hills, Mich. :  |c Thomson Gale,  |d 2003.  |n Available via the World Wide Web.  |n Access limited by licensing agreements  |7 s2003 miunns 
500 |a Electronic resource. 
830 0 |a Eighteenth century collections online. 
856 4 0 |u http://proxy.library.tamu.edu/login?url=https://galenet.galegroup.com/servlet/ECCO?c=1&stp=Author&ste=11&af=BN&ae=T137639&tiPG=1&dd=0&dc=flc&docNum=CW106334133&vrsn=1.0&srchtp=a&d4=0.33&n=10&SU=0LRL+OR+0LRI&locID=txshracd2898  |z Full text online  |t 0 
999 |a MARS 
999 f f |s 0a767345-5ac7-3e92-ac64-86af82872139  |i 43f31c3a-f6bc-3c5c-a938-c48af7dc362d  |t 0 
952 f f |a Texas A&M University  |b College Station  |c Electronic Resources  |s www_evans  |d Available Online  |t 0  |h No information provided 
998 f f |t 0  |l Available Online